Cliquez sur la bonne traduction en italien - Les fruits - Statistiques

Statistiques générales
  • Ce quiz a été pris 760 fois
  • Le résultat moyen est 16 sur 20
Statistiques - réponses
Hint Réponse % Correct
Banane Banana
98%
Avocat Avocado
96%
Abricot Albicocca
94%
Fraise Fragola
94%
Pêche Pesca
94%
Melon Melone
92%
Rhubarbe Rabarbaro
92%
Citron Limone
91%
Poire Pera
91%
Prune Prugna
90%
Noisette Nocciola
89%
Cerise Ciliegia
86%
Orange Arancia
79%
Pomme Mela
76%
Cacahuète Arachide
73%
Clémentine Mandarancio
71%
Raisin Uva
69%
Pastèque Cocomero
46%
Mirabelle Susina
43%
Framboise Lampone
41%
Aucun quiz correspondant
Distribution des résultats
% des personnes avec chaque résultat
Percentile par nombre de réponses
Votre historique - résultats
Vous n’avez pas pris ce quiz